00422nam a2200157 a 450000500170000000800410001702000150005805000230007310000200009624500330011625000120014926000410016130000360020252100100023865000160024820140310183343.0070110s19uu xx 00 eng d a0879015063 aBF 121b.M996 1992 aMyers, David G. aPsychology /cDavid G. Myers a3rd ed. aNew York :bWorth Publishers,c1992. aSI-10 p. :bcol. ill. ;c25 cm. aPSYCH aPsychology.